00497 2200193 4500001002100000005001500021008004100036020001800077035001900095041000700114082001000121090001600131100001700147245004700164260003500211300003100246500001000277650001600287INLIS00000000000178020241224112419241224||||||||| | ||| |||| || |  a979-9341-44-2 0010-1224001780 aid0 a153.4 a153.4 BUD d0 aKris Budiman00aMenonton Televisi Sebagai Praktik Konsumsi aYogyakartabgalang pressc2002 a18x11,5 cm, xiv, 166 hlm.; aCet.1 0aIlmu Sosial